Statistiques concernant Retrouve le nom du rappeur

Cliquez ici pour prendre le quiz!

Statistiques générales

  • Ce quiz a été pris 326 fois
  • Le résultat moyen est 13 sur 15

Statistiques - réponses

Faux nomsReponse% Correct
Gaz eauGazo
99%
Paix haine ellePNL
98%
Cow bas la déKoba laD
96%
Or elle sa neOrelsan
96%
Hess c'est hacheSCH
96%
Free Zeu Corps Léo neFreeze Corleone
94%
Aire casRK
92%
K rysseKaaris
91%
La rizLarry
85%
Frais chela peux fraFresh La Peufra
81%
U go t'es hess airHugo TSR
80%
Aube oyeOboy
77%
Al-fa ouaneAlpha Wann
75%
Lu veux rez valLuv Resval
74%
Nord sa chezNorsacce
52%

Distribution des résultats

Percentile par nombre de réponses

% des personnes avec chaque résultat

Votre développement - résultats

Vous n’avez pas pris ce quiz